Super Bowl Winning Quarterbacks by Picture - Statistics

General Stats
  • This quiz has been taken 146 times
    33 since last reset
  • The average score is 25 of 34
Answer Stats
Picture Hint Answer % Correct
1 Win - Packers Aaron Rodgers
100%
2 Wins - Giants Eli Manning
100%
1 Win - Eagles Jalen Hurts
100%
1 Win - Rams Matthew Stafford
100%
3 Wins - Chiefs Patrick Mahomes
100%
2 Wins - Colts / Broncos Peyton Manning
100%
1 Win - Seahawks Russell Wilson
100%
1 Win - Seahawks Sam Darnold
100%
7 Wins - Patriots / Buccaneers Tom Brady
100%
2 Wins - Steelers Ben Roethlisberger
97%
1 Win - Ravens Joe Flacco
97%
4 Wins - 49ers Joe Montana
97%
2 Wins - Broncos John Elway
97%
1 Win - 49ers Steve Young
97%
3 Wins - Cowboys Troy Aikman
97%
1 Win - Packers Brett Favre
93%
4 Wins - Steelers Terry Bradshaw
93%
1 Win - Eagles Nick Foles
87%
1 Win - Rams Kurt Warner
83%
2 Wins - Packers Bart Starr
80%
1 Win - Colts Johnny Unitas
73%
2 Wins - Cowboys Roger Staubach
73%
1 Win - Redskins Joe Theismann
67%
2 Wins - Dolphins Bob Griese
47%
1 Win - Ravens Trent Dilfer
43%
1 Win - Bears Jim McMahon
40%
1 Win - Raiders Ken Stabler
40%
1 Win - Giants Phil Simms
40%
1 Win - Buccaneers Brad Johnson
37%
2 Wins - Raiders Jim Plunkett
37%
1 Win - Redskins Doug Williams
33%
1 Win - Chiefs Len Dawson
33%
1 Win - Redskins Mark Rypien
27%
1 Win - Giants Jeff Hostetler
23%
No matching quizzes found
Score Distribution
Percent of People with Each Score
Percentile by Number Answered
Your Score History
You have not taken this quiz since the last reset